Die gesetze der frühen Römischen Republik
I tiakina i:
| Ngā kaituhi matua: | , |
|---|---|
| Hōputu: | Pukapuka |
| Reo: | Tiamana |
| I whakaputaina: |
Darmstadt
Wissenschaftliche Buchgesellschaft
1994
|
| Ngā marau: | |
| Ngā Tūtohu: |
Tāpirihia he Tūtohu
Kāore He Tūtohu, Me noho koe te mea tuatahi ki te tūtohu i tēnei pūkete!
|
MARC
| LEADER | 00000nam a2200000 a 4500 | ||
|---|---|---|---|
| 001 | UCK4953 | ||
| 003 | CL-VaPUC | ||
| 008 | 050701e19940000GW |||||||||||||||||ger|d | ||
| 020 | |a 3534123220 | ||
| 082 | 0 | 4 | |a 340.54 |b FLA |2 21 |
| 100 | 0 | |a Flach, Dieter |e author |9 493594 | |
| 700 | 0 | |a Lahr, Stefan von der |e author |9 493595 | |
| 245 | 1 | 4 | |a Die gesetze der frühen Römischen Republik |
| 300 | |a 389 p | ||
| 942 | |c BK | ||
| 945 | |d 20050701 00:00:00 |a jcarroza | ||
| 260 | |a Darmstadt |b Wissenschaftliche Buchgesellschaft |c 1994 | ||
| 650 | 0 | |a Derecho romano |9 255930 | |
| 650 | 0 | |a Historia del derecho |9 255109 | |
| 650 | 0 | |a República romana |9 433651 | |
| 650 | 0 | |a Leyes |9 256670 | |
| 583 | |a last modification |c 20050701 00:00:00 |k Rodrigo Vera | ||
| 999 | |c 313656 |d 313654 | ||
| 952 | |0 0 |1 0 |4 0 |6 340_540000000000000_FLA_1994 |7 0 |8 DER_ROM |9 385132 |a BIBDER |b BIBDER |d 2019-11-22 |i 4140850 |o 340.54 FLA 1994 |p 4140850 |r 2023-01-25 |w 2019-11-22 |x Ubicación 4to piso |y BK_X |z Este recurso debe solicitarse con anticipación |k DER | ||